00553nam a22001577a 450000500170000001000150001702000260003203500140005803700090007208200150008124501350009625000060023126000430023727000950028030000200037520250807160231.0 aENG-146386 a9789395659512c450.00 aEN-129918 bDBAD a331.01121 aChanging Scenario in Labour Force and Employment in Rural India:bChallenges and Strategies/cEdited By A. Satheesh Babu...[et.al] a1 aBangalorebBeyondline Publishersc2024 a513 Ground Floor, Arkavathi Layout, 19th Block, Chelikere, Kalyan NagarbBangaloree560043 a248p.c25cm(pb)